Portland cement: normal and high early strength (Record no. 82070)

MARC details
000 -LEADER
fixed length control field 01081nam a2200181 a 4500
008 - FIXED-LENGTH DATA ELEMENTS--GENERAL INFORMATION
fixed length control field 101022s1972 ||||||||||||||||| || u
050 ## - LIBRARY OF CONGRESS CALL NUMBER
Classification number ZSI(08)ZS
110 ## - MAIN ENTRY--CORPORATE NAME
Corporate name or jurisdiction name as entry element Zambia Standards Institute (ZSI)
245 10 - TITLE STATEMENT
Title Portland cement: normal and high early strength
260 ## - PUBLICATION, DISTRIBUTION, ETC.
Place of publication, distribution, etc. Lusaka
Name of publisher, distributor, etc. Zambia Standards Institute (ZSI)
Date of publication, distribution, etc. 1972
300 ## - PHYSICAL DESCRIPTION
Extent ii, 19p.: ill.
350 ## -
-- 0.00
650 ## - SUBJECT ADDED ENTRY--TOPICAL TERM
Topical term or geographic name entry element PORTLAND CEMENT--STANDARDS--ZAMBIA
995 ## -
-- SPECIAL COLLECTIONS
-- 0.00
-- 03007224
-- CBU-MAIN LIBRARY (Kitwe)
-- 1
-- 0.00
-- ZSI(08)ZS/001/1972C
-- 3
-- AVAILABLE
-- Oct 22, 2010
-- 03007224
-- Zambiana Collection
995 ## -
-- SPECIAL COLLECTIONS
-- 0.00
-- 03007225
-- CBU-MAIN LIBRARY (Kitwe)
-- 1
-- 0.00
-- ZSI(08)ZS/001/1972D
-- 4
-- AVAILABLE
-- Oct 22, 2010
-- 03007225
-- Zambiana Collection
995 ## -
-- SPECIAL COLLECTIONS
-- 0.00
-- 03007222
-- CBU-MAIN LIBRARY (Kitwe)
-- 1
-- 0.00
-- ZSI(08)ZS/001/1972A
-- 1
-- AVAILABLE
-- Oct 22, 2010
-- 03007222
-- Zambiana Collection
995 ## -
-- SPECIAL COLLECTIONS
-- 0.00
-- 03007223
-- CBU-MAIN LIBRARY (Kitwe)
-- 1
-- 0.00
-- ZSI(08)ZS/001/1972B
-- 2
-- AVAILABLE
-- Oct 22, 2010
-- 03007223
-- Zambiana Collection
999 ## -
-- 82070
-- 82070
Holdings
Withdrawn status Lost status Source of classification or shelving scheme Damaged status Not for loan Permanent Location Current Location Shelving location Date acquired Total Checkouts Full call number Barcode Date last seen Copy number Price effective from Koha item type
          CBU-MAIN LIBRARY, KITWE. CBU-MAIN LIBRARY, KITWE.   09/12/2023   ZSI(08)ZS/001/1972C 03007224 09/12/2023 1 09/12/2023 SPECIAL COLLECTION
          CBU-MAIN LIBRARY, KITWE. CBU-MAIN LIBRARY, KITWE.   09/12/2023   ZSI(08)ZS/001/1972D 03007225 09/12/2023 2 09/12/2023 SPECIAL COLLECTION
          CBU-MAIN LIBRARY, KITWE. CBU-MAIN LIBRARY, KITWE.   09/12/2023   ZSI(08)ZS/001/1972A 03007222 09/12/2023 3 09/12/2023 SPECIAL COLLECTION
          CBU-MAIN LIBRARY, KITWE. CBU-MAIN LIBRARY, KITWE.   09/12/2023   ZSI(08)ZS/001/1972B 03007223 09/12/2023 4 09/12/2023 SPECIAL COLLECTION